[Event "Wch U16 Girls"]
[Site "Montesilvano"]
[Date "2023.11.24"]
[Round "11"]
[White "Ahn, Anastasia"]
[Black "Amulya, Guruprasad"]
[Result "1/2-1/2"]
[WhiteElo "1795"]
[BlackElo "1466"]
[PlyCount "83"]
[EventDate "2023.11.13"]
[EventType "swiss"]
[EventRounds "11"]
[EventCountry "ITA"]
[SourceTitle "CB48_2023"]
[SourceDate "2023.11.29"]
[SourceVersion "1"]
[SourceVersionDate "2023.11.29"]
[SourceQuality "1"]

1. d4 Nf6 2. Nc3 d5 3. Bf4 g6 4. e3 Bg7 5. h4 h5 6. Nf3 0-0 7. Ne5 c5 8. Be2 cxd4 9. exd4 Nc6 10. Qd2 Bf5 11. a3 Rc8 12. 0-0 Qb6 13. Nxc6 Rxc6 14. Na4 Qd8 15. Nc5 Ne4 16. Nxe4 Bxe4 17. c3 a6 18. Bd3 Bxd3 19. Qxd3 Qb6 20. Rab1 Re6 21. Qd2 Rc8 22. Rfe1 Rcc6 23. Bg5 f6 24. Bf4 Kf7 25. Bh6 Bh8 26. Bf4 Bg7 27. Bh6 Bh8 28. Bf4 Qb3 29. Bg3 Bg7 30. Bf4 a5 31. Bg3 b5 32. f3 Ra6 33. Rxe6 Rxe6 34. Re1 Rxe1+ 35. Bxe1 Qc4 36. Kf2 e5 37. dxe5 fxe5 38. g3 a4 39. Qe3 d4 40. cxd4 exd4 41. Qf4+ Kg8 42. Qe4 1/2-1/2

[Event "World Amateur-ch U1700 (Women)"]
[Site "Muscat"]
[Date "2023.11.10"]
[Round "9"]
[White "Alazmi, Amani"]
[Black "Amulya, Guruprasad"]
[Result "0-1"]
[WhiteElo "1522"]
[BlackElo "1466"]
[PlyCount "100"]
[EventDate "2023.11.02"]
[EventType "swiss"]
[EventRounds "9"]
[EventCountry "OMN"]
[SourceTitle "CB47_2023"]
[SourceDate "2023.11.22"]
[SourceVersion "1"]
[SourceVersionDate "2023.11.22"]
[SourceQuality "1"]

1. c4 Nf6 2. Nc3 d5 3. cxd5 Nxd5 4. e4 Nxc3 5. bxc3 g6 6. Nf3 Bg7 7. d4 c5 8. Be3 Nc6 9. Bb5 cxd4 10. Bxd4 0-0 11. Bxg7 Kxg7 12. Bxc6 Qxd1+ 13. Rxd1 bxc6 14. 0-0 Be6 15. Nd4 Bxa2 16. Nxc6 Rfc8 17. Nxe7 Rxc3 18. f3 a5 19. Ra1 Bc4 20. Nd5 Bxd5 21. exd5 Rd3 22. Rfd1 Rxd1+ 23. Rxd1 Kf6 24. Kf2 a4 25. Ke3 Ke5 26. f4+ Kd6 27. Rd2 a3 28. Ra2 Kxd5 29. Kd3 Kc5 30. Kc3 Re8 31. Kb3 Re3+ 32. Ka4 Kc4 33. g3 Re7 34. Rc2+ Kd3 35. Ra2 Ra7+ 36. Kb3 Ke3 37. Kc4 h5 38. Kb5 Ra8 39. Kc4 Ke4 40. Re2+ Kf3 41. Ra2 Kg4 42. Kd4 h4 43. Ke5 hxg3 44. hxg3 Ra6 45. Ke4 f5+ 46. Ke5 Kxg3 47. Ra1 a2 48. Rg1+ Kf2 49. Ra1 Ke2 50. Kd4 Kd2 0-1

[Event "World Amateur-ch U1700 (Women)"]
[Site "Muscat"]
[Date "2023.11.04"]
[Round "3"]
[White "Anujin, Bat Amgalan"]
[Black "Amulya, Guruprasad"]
[Result "1-0"]
[WhiteElo "1421"]
[BlackElo "1466"]
[PlyCount "93"]
[EventDate "2023.11.02"]
[EventType "swiss"]
[EventRounds "9"]
[EventCountry "OMN"]
[SourceTitle "CB47_2023"]
[SourceDate "2023.11.22"]
[SourceVersion "1"]
[SourceVersionDate "2023.11.22"]
[SourceQuality "1"]

1. d4 Nf6 2. Bf4 g6 3. Nc3 d5 4. e3 Bg7 5. h4 h5 6. Nf3 0-0 7. Qd2 c5 8. dxc5 Nbd7 9. 0-0-0 Nxc5 10. Ne5 Be6 11. f3 Rc8 12. Be2 a6 13. g4 b5 14. a3 hxg4 15. Kb1 gxf3 16. Bxf3 Nce4 17. Bxe4 dxe4 18. Qg2 Qa5 19. Na2 Nh5 20. Nb4 Qa4 21. Rd4 Bc4 22. Qxe4 Rfe8 23. Rg1 Qa5 24. Nxc4 bxc4 25. Rxc4 Nf6 26. Qd3 Qb6 27. Rxc8 Rxc8 28. Be5 Rd8 29. Bd4 Qc7 30. Qxa6 Qh2 31. Rc1 Qxh4 32. Nc6 Re8 33. Ne5 g5 34. Qc6 Kf8 35. Nd7+ Nxd7 36. Bxg7+ Kxg7 37. Qxd7 Kf8 38. Qf5 e6 39. Qf6 Qh5 40. Rg1 g4 41. e4 Rc8 42. Qd4 Re8 43. e5 g3 44. Rxg3 Qh1+ 45. Rg1 Qc6 46. Qb4+ Re7 47. Qh4 1-0

[Event "World Amateur-ch U1700 (Women)"]
[Site "Muscat"]
[Date "2023.11.03"]
[Round "2"]
[White "Amulya, Guruprasad"]
[Black "Mera, Abdulaziz Aidarous"]
[Result "1-0"]
[WhiteElo "1466"]
[BlackElo "1035"]
[PlyCount "72"]
[EventDate "2023.11.02"]
[EventType "swiss"]
[EventRounds "9"]
[EventCountry "OMN"]
[SourceTitle "CB47_2023"]
[SourceDate "2023.11.22"]
[SourceVersion "1"]
[SourceVersionDate "2023.11.22"]
[SourceQuality "1"]

1. e4 e5 2. Nf3 Nc6 3. Nc3 Nf6 4. a3 a6 5. d4 exd4 6. Nxd4 Bc5 7. Be3 Bb6 8. Nxc6 bxc6 9. Bxb6 cxb6 10. e5 Qe7 11. Qe2 Nd5 12. Nxd5 cxd5 13. 0-0-0 Bb7 14. f4 0-0 15. Kb1 f6 16. exf6 Qxf6 17. g3 Rac8 18. Bg2 Rc5 19. Rd3 Rfc8 20. Rc1 Rb5 21. c3 Bc6 22. Rd4 Rc5 23. Qxa6 Bb5 24. Qb7 R8c7 25. Bxd5+ Kf8 26. Qb8+ Rc8 27. Qe5 Qxe5 28. fxe5 Ke7 29. Re1 Bc6 30. Bb3 Bb5 31. e6 d6 32. Red1 Rd8 33. Rf4 Be8 34. Rd5 Rdc8 35. Ka2 Ba4 36. Rxa4 R5c7 1-0

[Event "Wch U20 Girls 39th"]
[Site "Mexico City"]
[Date "2023.09.26"]
[Round "6"]
[White "Maione, Melissa"]
[Black "Amulya, Guruprasad"]
[Result "1-0"]
[WhiteElo "1931"]
[BlackElo "1633"]
[PlyCount "89"]
[EventDate "2023.09.21"]
[EventType "swiss"]
[EventRounds "11"]
[EventCountry "MEX"]
[SourceTitle "EXT 2024"]
[Source "ChessBase"]
[SourceDate "2023.10.10"]
[SourceVersion "1"]
[SourceVersionDate "2023.10.10"]
[SourceQuality "1"]

1. e4 c5 2. Nf3 g6 3. c4 Bg7 4. d4 cxd4 5. Nxd4 Qb6 6. Nb3 Qc7 7. Be2 d6 8. 0-0 Nc6 9. Nc3 Bxc3 10. bxc3 Nf6 11. Qc2 Ne5 12. Nd2 0-0 13. Rb1 Be6 14. Ba3 b6 15. c5 dxc5 16. f4 Neg4 17. Rf3 Rad8 18. h3 Nh6 19. c4 Nh5 20. f5 Nf4 21. Nf1 gxf5 22. Bc1 Nxe2+ 23. Qxe2 fxe4 24. Rg3+ Kh8 25. Bxh6 Rg8 26. Rbb3 Qe5 27. Kh1 Rg6 28. Rxg6 hxg6 29. Bc1 Kg8 30. Re3 f5 31. Bb2 Qd6 32. Rg3 Kf7 33. Re3 Qd1 34. Qf2 Bxc4 35. Re1 Qh5 36. Ng3 Qh6 37. Nxf5 gxf5 38. Qxf5+ Kg8 39. Rxe4 Rd6 40. Rg4+ Rg6 41. Rxg6+ Qxg6 42. Qxg6+ Kf8 43. Bg7+ Kg8 44. Bh6+ Kh8 45. Qg7# 1-0

[Event "Wch U20 Girls 39th"]
[Site "Mexico City"]
[Date "2023.09.24"]
[Round "5"]
[White "Amulya, Guruprasad"]
[Black "Ivan, Reka Gyogyver"]
[Result "0-1"]
[WhiteElo "1633"]
[BlackElo "1857"]
[PlyCount "70"]
[EventDate "2023.09.21"]
[EventType "swiss"]
[EventRounds "11"]
[EventCountry "MEX"]
[SourceTitle "EXT 2024"]
[Source "ChessBase"]
[SourceDate "2023.10.10"]
[SourceVersion "1"]
[SourceVersionDate "2023.10.10"]
[SourceQuality "1"]

1. e4 c6 2. Nf3 d5 3. exd5 cxd5 4. Ne5 Nc6 5. Bb5 Qc7 6. d4 a6 7. Bxc6+ bxc6 8. Bf4 Qb6 9. b3 Nf6 10. 0-0 Bf5 11. Nc3 e6 12. Na4 Qb7 13. c4 dxc4 14. Nxc4 Rd8 15. Rc1 c5 16. Na5 Qb5 17. Nxc5 Qxa5 18. Nb7 Qd5 19. Nxd8 Qxd8 20. Rc6 Be7 21. Rxa6 0-0 22. a3 Nd5 23. Be3 Qc8 24. Ra5 Qc3 25. Bd2 Qxd4 26. b4 Rd8 27. Bc1 Qh4 28. Qb3 Bd6 29. g3 Qe4 30. f3 Qd4+ 31. Kh1 Bh3 32. Bb2 Qd2 33. Rg1 Ne3 34. Qc3 Bg2+ 35. Rxg2 Qxg2# 0-1

[Event "Asia-ch Amateur (Women)"]
[Site "Dubai"]
[Date "2023.08.29"]
[Round "2"]
[White "Asudani, Ruhani Raj"]
[Black "Amulya, Guruprasad"]
[Result "1-0"]
[WhiteElo "1317"]
[BlackElo "1633"]
[PlyCount "145"]
[EventDate "2023.08.28"]
[EventType "swiss"]
[EventRounds "9"]
[EventCountry "UAE"]
[SourceTitle "EXT 2024"]
[Source "ChessBase"]
[SourceDate "2023.10.10"]
[SourceVersion "1"]
[SourceVersionDate "2023.10.10"]
[SourceQuality "1"]

1. d4 Nf6 2. c4 g6 3. Nc3 d5 4. Nf3 Bg7 5. Qb3 dxc4 6. Qxc4 a6 7. a4 0-0 8. e4 b5 9. Qb3 bxa4 10. Rxa4 Bd7 11. Ra1 Bg4 12. Be3 Qc8 13. Ne5 Be6 14. d5 Bd7 15. Nxd7 Nfxd7 16. Be2 c6 17. 0-0 h5 18. Rfc1 Ne5 19. Bf4 Ra7 20. Na4 Rb7 21. Qc2 Rc7 22. Qc5 Rd8 23. Qb6 Rd6 24. Qa5 Kh7 25. Nb6 Qd8 26. Nc4 Nxc4 27. Rxc4 Bxb2 28. Rb1 Bf6 29. Bxd6 exd6 30. dxc6 Nxc6 31. Qb6 Bd4 32. Rxd4 Nxd4 33. Qxd4 a5 34. Qa4 Rc5 35. g3 h4 36. Rb5 Rc1+ 37. Kg2 Qc8 38. gxh4 Re1 39. Qc4 Qd7 40. h5 a4 41. hxg6+ fxg6 42. Qb4 Rc1 43. Rb7 Rc7 44. Rxc7 Qxc7 45. Qxa4 Qe7 46. Qc6 Qg5+ 47. Kf1 Qf4 48. h3 Qh2 49. Bg4 Kg7 50. Qd7+ Kh6 51. Qe8 Kg7 52. Qe7+ Kh6 53. Qf8+ Kh7 54. Ke2 Qe5 55. Qf7+ Kh6 56. Qd5 Qf6 57. f4 Qb2+ 58. Qd2 Qb5+ 59. Kf3 Qf1+ 60. Kg3 Kh7 61. f5 Qg1+ 62. Kh4 Qc5 63. fxg6+ Kxg6 64. Bf5+ Kg7 65. Qg5+ Kf8 66. Qd8+ Kf7 67. Qd7+ Kf8 68. Qc8+ Kg7 69. Qxc5 dxc5 70. e5 c4 71. Kg5 c3 72. e6 Kf8 73. Kf6 1-0

[Event "Wch U16 Girls blitz"]
[Site "Batumi"]
[Date "2023.06.11"]
[Round "7"]
[White "Amulya, Guruprasad"]
[Black "Volchkova, Alena"]
[Result "0-1"]
[WhiteElo "1483"]
[BlackElo "1969"]
[PlyCount "80"]
[EventDate "2023.06.10"]
[EventType "swiss (blitz)"]
[EventRounds "11"]
[EventCountry "GEO"]
[SourceTitle "EXT 2024"]
[Source "ChessBase"]
[SourceDate "2023.10.10"]
[SourceVersion "1"]
[SourceVersionDate "2023.10.10"]
[SourceQuality "1"]
[WhiteTeam "Indien"]
[BlackTeam "Russia"]
[WhiteTeamCountry "IND"]
[BlackTeamCountry "RUS"]

1. e4 c5 2. Nf3 d6 3. d4 cxd4 4. Nxd4 Nf6 5. Nc3 a6 6. f3 e5 7. Nb3 Be6 8. Be3 h5 9. Qd2 Nbd7 10. 0-0-0 Rc8 11. Kb1 b5 12. Bg5 Nb6 13. Nd5 Bxd5 14. exd5 Be7 15. Bxf6 Bxf6 16. Na5 Qc7 17. g3 0-0 18. Bh3 Rb8 19. Nc6 Nc4 20. Qe2 Rb7 21. c3 Na5 22. Nb4 Qb6 23. Rhe1 Nc4 24. f4 a5 25. fxe5 Bxe5 26. Nd3 b4 27. Nxe5 Nxe5 28. cxb4 Qxb4 29. Rd2 a4 30. a3 Qxa3 31. Bf5 g6 32. Be4 Rfb8 33. h3 Qb3 34. Rc1 a3 35. Rcc2 Qxg3 36. Ka2 axb2 37. Rxb2 Ra7+ 38. Kb1 Rba8 39. Bg2 Qc3 40. Rdc2 Ra1# 0-1

[Event "Wch U16 Girls rapid"]
[Site "Batumi"]
[Date "2023.06.08"]
[Round "8"]
[White "Amulya, Guruprasad"]
[Black "Shohradova, Leyla"]
[Result "1/2-1/2"]
[WhiteElo "1437"]
[BlackElo "1440"]
[PlyCount "232"]
[EventDate "2023.06.06"]
[EventType "swiss (rapid)"]
[EventRounds "11"]
[EventCountry "GEO"]
[SourceTitle "EXT 2024"]
[Source "ChessBase"]
[SourceDate "2023.10.10"]
[SourceVersion "1"]
[SourceVersionDate "2023.10.10"]
[SourceQuality "1"]
[WhiteTeam "Indien"]
[BlackTeam "Turkmenistan"]
[WhiteTeamCountry "IND"]
[BlackTeamCountry "TKM"]

1. e4 e6 2. d4 d5 3. Nc3 Bb4 4. exd5 exd5 5. Bd3 c5 6. dxc5 Nf6 7. Bd2 0-0 8. Nge2 Bxc5 9. 0-0 h6 10. Nf4 Nc6 11. Kh1 Ng4 12. Be1 d4 13. Ne4 Be7 14. Be2 Nge5 15. Nd3 f5 16. Nd2 Be6 17. f4 Ng4 18. Rg1 Ne3 19. Qc1 Rc8 20. Nf1 Ng4 21. Qd1 Nf6 22. Nd2 Nd5 23. Nf3 Ne3 24. Qd2 Bf6 25. h3 Ne7 26. Bf2 Rxc2 27. Qe1 N7d5 28. Rb1 Qd6 29. Bg3 Rfc8 30. Nde5 Bxe5 31. fxe5 Qb6 32. Bd3 Rxb2 33. Rxb2 Qxb2 34. Qa5 Qc3 35. Qxa7 Qxd3 36. Nxd4 Bf7 37. e6 Be8 38. Qxb7 Qc4 39. Be5 Nf6 40. Re1 Ned5 41. Nxf5 Rc7 42. Bxc7 Qxc7 43. Qxc7 Nxc7 44. Nd6 Ba4 45. e7 Nfe8 46. Nf5 Kf7 47. a3 Nd5 48. Re4 Bc2 49. Re5 Ndf6 50. Nd4 Ba4 51. g4 Nd7 52. Re3 Ndf6 53. Kg2 Nd5 54. Re4 Nxe7 55. Kg3 Nf6 56. Re1 Ned5 57. Nf5 Bc2 58. Nd4 Ba4 59. Rc1 Ne4+ 60. Kh2 Nf4 61. Rc7+ Kg6 62. Ra7 Be8 63. h4 Nd5 64. Ra6+ Kf7 65. Ra7+ Kf6 66. a4 Ke5 67. Nf5 g6 68. Nxh6 Kf4 69. a5 Nd2 70. Ra8 Nf3+ 71. Kg2 Nxh4+ 72. Kf2 Nf6 73. a6 Ne4+ 74. Ke1 Bc6 75. Rf8+ Ke3 76. g5 Ng2+ 77. Kd1 Nc3+ 78. Kc1 Nb5 79. Ng4+ Kd4 80. Rd8+ Kc5 81. Ne5 Be4 82. Nd7+ Kc6 83. Nf6 Bf3 84. Rd3 Be2 85. Rd2 Nf4 86. Ra2 Kb6 87. Nd7+ Ka7 88. Kd2 Bc4 89. Ra4 Nd6 90. Ke3 Ne6 91. Ne5 Bb5 92. Ra1 Be8 93. Nf3 Nc5 94. Kd4 Nxa6 95. Ke5 Nc4+ 96. Kf6 Bc6 97. Nd4 Be4 98. Re1 Bd3 99. Re7+ Kb6 100. Re6+ Ka5 101. Nb3+ Kb5 102. Nd4+ Kc5 103. Nb3+ Kb4 104. Nc1 Nc5 105. Nxd3+ Nxd3 106. Re4 Nc5 107. Rh4 Nd7+ 108. Kxg6 Kc5 109. Kg7 Ne3 110. Rf4 Nd5 111. Rf5 Kd6 112. g6 Ne7 113. Rf1 Ne5 114. Rf6+ Kd7 115. Rf7 N5xg6 116. Rxe7+ Nxe7 1/2-1/2

[Event "Wch U16 Girls rapid"]
[Site "Batumi"]
[Date "2023.06.08"]
[Round "10"]
[White "Kosak, Karolina"]
[Black "Amulya, Guruprasad"]
[Result "0-1"]
[WhiteElo "1365"]
[BlackElo "1437"]
[PlyCount "166"]
[EventDate "2023.06.06"]
[EventType "swiss (rapid)"]
[EventRounds "11"]
[EventCountry "GEO"]
[SourceTitle "EXT 2024"]
[Source "ChessBase"]
[SourceDate "2023.10.10"]
[SourceVersion "1"]
[SourceVersionDate "2023.10.10"]
[SourceQuality "1"]
[WhiteTeam "Slovenia"]
[BlackTeam "Indien"]
[WhiteTeamCountry "SLO"]
[BlackTeamCountry "IND"]

1. e4 c5 2. c3 d5 3. exd5 Qxd5 4. d4 g6 5. Nf3 Nc6 6. Na3 Bg4 7. Be2 0-0-0 8. Be3 Bh6 9. Nc2 Qh5 10. h3 cxd4 11. cxd4 Bxf3 12. Bxf3 Qa5+ 13. Qd2 Qxd2+ 14. Kxd2 Nxd4 15. Nxd4 Rxd4+ 16. Ke2 Bxe3 17. fxe3 Rb4 18. Rac1+ Kb8 19. Rc2 Nf6 20. Rhc1 Rd8 21. a3 Rb6 22. b4 Ne8 23. Rc3 Rbd6 24. R1c2 R6d7 25. a4 f5 26. g4 e6 27. b5 Rd6 28. a5 e5 29. gxf5 gxf5 30. Bh5 Nf6 31. Bf3 e4 32. Bg2 Nd5 33. Rc4 Rg6 34. Bf1 Rg3 35. h4 Nxe3 36. Kf2 Rf3+ 37. Ke2 Rxf1 38. Kxe3 Re8 39. Rc7 Rf3+ 40. Ke2 h6 41. a6 bxa6 42. bxa6 Rb3 43. Rf7 Rb5 44. Rcc7 f4 45. Rxa7 f3+ 46. Ke3 Rb3+ 47. Kf4 f2 48. Rab7+ Rxb7 49. Rxb7+ Ka8 50. Rb1 e3 51. Kf3 Ka7 52. Ra1 Re6 53. Ke2 h5 54. Ra5 Rf6 55. Ra1 Rxa6 56. Rb1 Rf6 57. Rf1 Re6 58. Rb1 Ka6 59. Rb2 Ka5 60. Rb1 Ka4 61. Rb2 Ka3 62. Rb1 Ka2 63. Rd1 Kb2 64. Rd3 Kc2 65. Rd1 Rf6 66. Rf1 Re6 67. Rd1 Re4 68. Rh1 Rf4 69. Rf1 Re4 70. Rh1 Kc3 71. Rd1 Kc4 72. Rh1 Kd5 73. Rd1+ Ke6 74. Rf1 Kf5 75. Rh1 Kg4 76. Rh2 Kg3 77. Rh1 Kg2 78. Rf1 Rxh4 79. Rb1 Rf4 80. Rf1 h4 81. Rb1 f1Q+ 82. Rxf1 Rxf1 83. Kxe3 Rd1 0-1

[Event "IND-ch U15 Girls 38th"]
[Site "New Delhi"]
[Date "2022.12.03"]
[Round "9"]
[White "Jeevika, S1111"]
[Black "Amulya, Guruprasad"]
[Result "1/2-1/2"]
[WhiteElo "1438"]
[BlackElo "1699"]
[PlyCount "93"]
[EventDate "2022.11.28"]
[EventType "swiss"]
[EventRounds "11"]
[EventCountry "IND"]
[SourceTitle "CBM 211 Extra"]
[Source "ChessBase"]
[SourceDate "2023.01.31"]
[SourceVersion "1"]
[SourceVersionDate "2023.01.31"]
[SourceQuality "1"]

1. e4 e5 2. Nf3 Nc6 3. Bc4 Bc5 4. d3 Nf6 5. Be3 Bxe3 6. fxe3 Na5 7. Nbd2 d6 8. 0-0 Nxc4 9. Nxc4 0-0 10. Qe1 Be6 11. b3 h6 12. h3 c6 13. Nh4 b5 14. Na5 Bd7 15. Nf5 d5 16. Nb7 Qb6 17. Nxh6+ Kh7 18. Nf5 Bxf5 19. Rxf5 Ne8 20. Na5 f6 21. exd5 cxd5 22. b4 Nd6 23. Rf2 Rac8 24. Nb3 f5 25. Nc5 Rf7 26. Qe2 Kg8 27. Kh1 a5 28. a3 Re8 29. Raf1 f4 30. exf4 Nf5 31. Qf3 e4 32. dxe4 dxe4 33. Qc3 axb4 34. axb4 e3 35. Rf3 e2 36. Re1 Rfe7 37. Qd3 Qg6 38. g4 Qc6 39. Kh2 Ne3 40. Kg3 Nf1+ 41. Kf2 Re3 42. Rxe3 Nxe3 43. Qxe3 Rxe3 44. Kxe3 Qg2 45. Rxe2 Qxh3+ 46. Kd2 Qxg4 47. Nd3 1/2-1/2

[Event "IND-ch U15 Girls 38th"]
[Site "New Delhi"]
[Date "2022.11.29"]
[Round "3"]
[White "Patil, Disha"]
[Black "Amulya, Guruprasad"]
[Result "1-0"]
[WhiteElo "1477"]
[BlackElo "1699"]
[PlyCount "131"]
[EventDate "2022.11.28"]
[EventType "swiss"]
[EventRounds "11"]
[EventCountry "IND"]
[SourceTitle "CBM 211 Extra"]
[Source "ChessBase"]
[SourceDate "2023.01.31"]
[SourceVersion "1"]
[SourceVersionDate "2023.01.31"]
[SourceQuality "1"]

1. e4 e6 2. d4 d5 3. e5 c5 4. c3 Nc6 5. Nf3 Bd7 6. Be2 cxd4 7. cxd4 Qb6 8. Nc3 Nge7 9. Bb5 Nf5 10. Bxc6 Bxc6 11. 0-0 Be7 12. Rb1 0-0 13. Bf4 Rac8 14. Qd2 Be8 15. Rbc1 Rc4 16. Rfd1 f6 17. b3 Rb4 18. h3 Bh5 19. Na4 Rxa4 20. bxa4 Bxf3 21. gxf3 Nh4 22. Qe2 fxe5 23. Bg3 Nxf3+ 24. Kh1 e4 25. Qb5 Qd8 26. Qxb7 Bd6 27. Qc6 Bxg3 28. Qxe6+ Kh8 29. fxg3 Ng5 30. Qg4 e3 31. Rf1 Re8 32. Rfe1 Ne4 33. Kg2 Qf6 34. Re2 h6 35. Rc8 Rxc8 36. Qxc8+ Kh7 37. Qg4 Nd2 38. Qf4 Qc6 39. Rxe3 Ne4 40. Re2 Qxa4 41. Qf5+ Kh8 42. Rb2 Nf6 43. Rb8+ Ng8 44. Qc8 Qxa2+ 45. Kf3 Qa3+ 46. Kg4 h5+ 47. Kxh5 Qf3+ 48. Kh4 Qf6+ 49. Kg4 Qg6+ 50. Kf4 Qf6+ 51. Ke3 Qe7+ 52. Kf2 Qf7+ 53. Kg2 Kh7 54. Qg4 Nh6 55. Qf3 Qg6 56. Rb3 Qc2+ 57. Kf1 Qc1+ 58. Kf2 Qd2+ 59. Qe2 Qxd4+ 60. Qe3 Qf6+ 61. Kg2 Nf7 62. Qd3+ g6 63. Qxd5 Kh6 64. Rf3 Qb2+ 65. Rf2 Qe5 66. Qxf7 1-0

[Event "Wch U14 Girls"]
[Site "Mamaia"]
[Date "2022.09.15"]
[Round "10"]
[White "Amulya, Guruprasad"]
[Black "Shvedova, Alexandra"]
[Result "0-1"]
[WhiteElo "1278"]
[BlackElo "2145"]
[PlyCount "72"]
[EventDate "2022.09.06"]
[EventType "swiss"]
[EventRounds "11"]
[EventCountry "ROU"]
[SourceTitle "CBM 210 Extra"]
[Source "ChessBase"]
[SourceDate "2022.11.30"]
[SourceVersion "1"]
[SourceVersionDate "2022.11.30"]
[SourceQuality "1"]

1. e4 e5 2. Nf3 Nc6 3. Bc4 Bc5 4. b4 Bxb4 5. c3 Ba5 6. Qb3 Qe7 7. 0-0 Bb6 8. Ba3 d6 9. Bb5 Be6 10. Qa4 Bd7 11. d4 Nf6 12. Nbd2 Rd8 13. d5 Nb8 14. Nc4 Bxb5 15. Qxb5+ Qd7 16. Qb2 Na6 17. Rae1 Qa4 18. Ncxe5 0-0 19. Nd3 Nxe4 20. Qc1 Rfe8 21. Re2 Qc4 22. Nf4 Nxf2 23. Rxe8+ Rxe8 24. Rxf2 Be3 25. Qe1 Bxf2+ 26. Qxf2 Qxf4 27. g3 Qa4 28. Bc1 Qd1+ 29. Qf1 Qxd5 30. c4 Qe4 31. Qd1 Nc5 32. Bd2 Qxc4 33. Kg2 Qxa2 34. Kh3 Ne4 35. Be3 Nc3 36. Qd4 Qe6+ 0-1

[Event "Wch U14 Girls"]
[Site "Mamaia"]
[Date "2022.09.11"]
[Round "6"]
[White "Sosovickova, Martina"]
[Black "Amulya, Guruprasad"]
[Result "0-1"]
[WhiteElo "1855"]
[BlackElo "1278"]
[PlyCount "72"]
[EventDate "2022.09.06"]
[EventType "swiss"]
[EventRounds "11"]
[EventCountry "ROU"]
[SourceTitle "CBM 210 Extra"]
[Source "ChessBase"]
[SourceDate "2022.11.30"]
[SourceVersion "1"]
[SourceVersionDate "2022.11.30"]
[SourceQuality "1"]

1. e4 e5 2. Nf3 f5 3. d3 d6 4. Nc3 Nf6 5. Bg5 Be7 6. Qd2 0-0 7. Bxf6 Bxf6 8. Be2 c6 9. d4 exd4 10. Nxd4 Qb6 11. Nb3 fxe4 12. Nxe4 Bxb2 13. Rb1 Be5 14. 0-0 d5 15. Nec5 Qc7 16. h3 Qf7 17. Nd3 Bc7 18. Ne1 Nd7 19. Bg4 Nf6 20. Bxc8 Ne4 21. Qd3 Raxc8 22. Nf3 Qf4 23. Nbd2 Nxd2 24. Qxd2 Qd6 25. Rfe1 Rxf3 26. gxf3 Qh2+ 27. Kf1 Qxh3+ 28. Ke2 Re8+ 29. Kd1 Qxf3+ 30. Re2 Bf4 31. Qe1 Re4 32. Rb3 Rd4+ 33. Rd3 Rxd3+ 34. cxd3 Qxd3+ 35. Rd2 Qxd2+ 36. Qxd2 Bxd2 0-1

[Event "Eastern Asia-ch U14 Girls"]
[Site "Tornelo INT"]
[Date "2021.10.23"]
[Round "5"]
[White "Amulya, Guruprasad"]
[Black "Kiyan Mohamed, Usamath"]
[Result "0-1"]
[WhiteElo "1131"]
[BlackElo "1199"]
[PlyCount "78"]
[EventDate "2021.10.22"]
[EventType "swiss"]
[EventRounds "9"]
[EventCountry "NET"]
[SourceTitle "EXT 2023"]
[Source "ChessBase"]
[SourceDate "2022.10.05"]
[SourceVersion "1"]
[SourceVersionDate "2022.10.05"]
[SourceQuality "1"]

1. e4 e5 2. Nf3 Nc6 3. Bc4 Bc5 4. 0-0 Nf6 5. Re1 0-0 6. h3 d6 7. c3 Be6 8. Bf1 Qd7 9. b4 Bb6 10. a3 a6 11. Bb2 Rad8 12. d4 exd4 13. cxd4 d5 14. e5 Ne8 15. Bd3 g6 16. Nbd2 Ng7 17. Nf1 f6 18. Ng3 fxe5 19. Nxe5 Nxe5 20. Rxe5 Qf7 21. Qc2 c6 22. Re3 Qf6 23. Rf3 Qe7 24. Rxf8+ Rxf8 25. Re1 Qf6 26. Re5 Bd7 27. Nf1 Ne6 28. Qc1 Qxf2+ 29. Kh1 Nxd4 30. Qh6 Ne2 31. Qxh7+ Kxh7 32. Rh5+ Kg8 33. Rh8+ Kf7 34. Rh7+ Ke8 35. Bxg6+ Kd8 36. Bd4 Bxd4 37. Rxd7+ Kxd7 38. Be8+ Kxe8 39. Ne3 Qg1# 0-1